Central Africa : (Record no. 161583)

MARC details
000 -LEADER
fixed length control field 00900cam a22002655a 4500
008 - FIXED-LENGTH DATA ELEMENTS--GENERAL INFORMATION
fixed length control field
020 ## - INTERNATIONAL STANDARD BOOK NUMBER
International Standard Book Number 2869781512 (pbk.)
049 ## - LOCAL HOLDINGS (OCLC)
Holding library MAIN
090 ## - LOCALLY ASSIGNED LC-TYPE CALL NUMBER (OCLC); LOCAL CALL NUMBER (RLIN)
Classification number (OCLC) (R) ; Classification number, CALL (RLIN) (NR) HN809
Local cutter number (OCLC) ; Book number/undivided call number, CALL (RLIN) CEN
003 - CONTROL NUMBER IDENTIFIER
control field
005 - DATE AND TIME OF LATEST TRANSACTION
control field 20230123134204.0
040 ## - CATALOGING SOURCE
Transcribing agency NUST
245 00 - TITLE STATEMENT
Title Central Africa :
Remainder of title crises, reform, and reconstruction /
Statement of responsibility, etc. edited by E.S.D. Fomin & John W. Forje.
260 ## - PUBLICATION, DISTRIBUTION, ETC.
Place of publication, distribution, etc. Dakar, Senegal :
Name of publisher, distributor, etc. Council for the Development of Social Science Research in Africa,
Date of publication, distribution, etc. c2005.
300 ## - PHYSICAL DESCRIPTION
Extent ix, 258 p. ;
Dimensions 23 cm.
440 #0 - SERIES STATEMENT/ADDED ENTRY--TITLE
Title Codesria book series.
504 ## - BIBLIOGRAPHY, ETC. NOTE
Bibliography, etc. note Includes bibliographical references.
651 #0 - SUBJECT ADDED ENTRY--GEOGRAPHIC NAME
Geographic name Africa, Central
General subdivision Economic conditions
Chronological subdivision 1960-
651 #0 - SUBJECT ADDED ENTRY--GEOGRAPHIC NAME
Geographic name Africa, Central
General subdivision Politics and government
Chronological subdivision 1960-
700 1# - ADDED ENTRY--PERSONAL NAME
Personal name Fomin, E. S. D.
700 1# - ADDED ENTRY--PERSONAL NAME
Personal name Forje, John W.
710 2# - ADDED ENTRY--CORPORATE NAME
Corporate name or jurisdiction name as entry element Codesria.
907 ## - LOCAL DATA ELEMENT G, LDG (RLIN)
a .b10197916
b 27-02-13
c 06-04-06
942 ## - ADDED ENTRY ELEMENTS (KOHA)
Koha item type Ordinary Loan Books
Call number prefix HN809
Call number suffix CEN
Holdings
Date last seen Total Checkouts Full call number Barcode Cost, replacement price Price effective from Koha item type Lost status Source of classification or shelving scheme Damaged status Not for loan Collection Withdrawn status Home library Current library Shelving location Date acquired Cost, normal purchase price
01/23/2023 18 HN809 CEN 92004000669 80.00 01/23/2023 BOOKS   LCC     NFIC   MAIN MAIN GEN 01/23/2023 80.00